000 01496cam a22004454a 4500
001 49972
005 20230410103843.0
008 031029s2003 njua 001 0 eng
010 _a 2003279709
035 _a(OCoLC)ocm54861621
040 _aDLC
_cDLC
_dBAKER
_dMUQ
_dBTCTA
_dYDXCP
020 _a156591175X
020 _a9781565911758
029 1 _aYDXCP
_b2125821
029 1 _aNZ1
_b8494316
035 _a(OCoLC)54861621
042 _apcc
043 _aa-kr---
_aa-ko---
050 1 4 _a409 DS 904.5
_bK84 2003
082 0 0 _a306/.09519
_222
049 _aGRAL
245 0 0 _aKorean anthropology :
_bcontemporary Korean culture in flux /
_cedited by Korean National Commission for UNESCO.
260 _aElizabeth, NJ :
_bHollym,
_c2003.
300 _axv, 657 p. :
_bill. ;
_c24 cm.
440 0 _aAnthology of Korean studies ;
_vv. 3
504 _aIncludes bibliographical references and index.
650 0 _aEthnology
_xResearch
_zKorea (South)
650 0 _aFolklore
_xResearch
_zKorea (South)
651 0 _aKorea
_xSocial life and customs.
650 6 _aEthnologie
_zCorée
_xRecherche.
650 6 _aFolklore
_zCorâee
_xRecherche.
651 6 _aCorée
_xM¶urs et coutumes.
710 2 _aYunesæuk°o Han®guk Wiwæonhoe.
938 _aBaker & Taylor
_bBKTY
_c52.50
_d57.45
_i156591175X
_n0004229176
_sactive
938 _aBaker and Taylor
_bBTCP
_n2003279709
938 _aYBP Library Services
_bYANK
_n2125821
942 _2lcc
_cbk
994 _aC0
_bDRFGD
946 _aLspaulino
999 _c27110
_d27110